| 000 | 01604cam a2200265 a 4500 | ||
|---|---|---|---|
| 001 | 15938062 | ||
| 005 | 20100308090905.0 | ||
| 008 | 091009s2010 nyu | b 001 0 eng d | ||
| 010 | _a 2009039709 | ||
| 020 | _a0230621813 (alk. paper) | ||
| 040 |
_aDLC _cDLC |
||
| 050 | 0 | 0 |
_aJC319 _b.P325 2010 |
| 082 | 0 | 0 |
_222 _a303.485 _bPAS |
| 100 | 1 |
_aPaskal, Cleo. _913898 |
|
| 245 | 1 | 0 |
_aGlobal Warring : _bHow Environmental, Economic, and Political Crises Will Redraw the World Map / _cCleo Paskal. |
| 260 |
_aNew York : _bPalgrave Macmillan, _c2010. |
||
| 300 |
_a280 p. ; _c25 cm. |
||
| 504 | _aIncludes bibliographical references and index. | ||
| 505 | 0 | _aThe USS sieve -- The coming storm -- The new geopolitical icebergs -- Life on the no longer permanent permafrost -- The global economy : waiting for the ship to come in -- A short history of modern geopolitics, as seen from the deck of a ship -- The great cold rush of -- Precipitating change in Asia and beyond -- Today's weather -- The story so far -- Interesting times, narrowing options -- Water -- Building a geopolitical ark -- Drawing lines in the water -- Fighting over Atlantis -- Your point is?. | |
| 650 | 0 |
_aGeopolitics _xEnvironmental aspects. _913899 |
|
| 650 | 0 |
_aWorld politics _y21st century _xEnvironmental aspects. _913900 |
|
| 942 |
_2ddc _cBB |
||
| 999 |
_c13971 _d13971 |
||